=LDR 00000nam 2200000 4500 =001 INLIS000000000006095 =005 20130612094249 =008 ***********************************Ind** =035 ##$$0010-061300000006095 =041 ##$$a Ind =082 ##$$a 297.636 =090 ##$$a 297.636, Ali i =100 ##$$a Ali, Fakhry =245 ##$$a Islam, Pancasila dan pergulatan politik, Fachry Ali =260 ##$$a 1984 $b Jakarta =300 ##$$a xxiv, 262 hlm., 21 cm =650 ##$$a Islam-Politik =850 ##$$a NBPNMAT